| 000 | 01842cam a22004334i 4500 | ||
|---|---|---|---|
| 003 | PE-LiUPU | ||
| 005 | 20250731175641.0 | ||
| 008 | 150706s1999 xxka r 000 0 spa d | ||
| 020 | _a9780582417649 | ||
| 035 | _a(Sirsi) i9780582417649 | ||
| 040 |
_aPE-LiUPU _bspa _cPE-LiUPU _erda |
||
| 049 | _aPRUA | ||
| 082 | 0 | 4 |
_a428.6461 _bPR4f _221 |
| 100 | 1 |
_aHardy, Thomas, _eautor. |
|
| 245 | 1 | 0 |
_aFar from the madding crowd / _cThomas Hardy contada por Jennifer Bassett . |
| 264 | 1 |
_aHarlow : _bPearson Education, _c1999. |
|
| 300 |
_av, 56 páginas : _bilustraciones ; _c20 centímetros. |
||
| 336 |
_atext _2rdacontent |
||
| 337 |
_aunmediated _2rdamedia |
||
| 338 |
_avolume _2rdacarrier |
||
| 490 | 0 |
_aPenguin Readers ; _vLevel 4 |
|
| 505 | 0 | _aAn offer of marriage -- A fire in the farmyard -- A joke for valentine´s day -- "I want you as my wife" -- Bathsheba´s terms -- The long bright sword -- The jealous lover -- Covering the corn -- The death of Fanny Robin -- Boldwood still has hope -- The sergeant´s return -- Arm-in-arm -- Activities. | |
| 526 | _aP145 | ||
| 526 | _aP127 | ||
| 526 | _aP97 | ||
| 526 | _aP35 | ||
| 526 | _aP14 | ||
| 526 | _aP07 | ||
| 541 | _g002-0046574; | ||
| 650 | 0 | 4 |
_aInglés _vLibros de Lecturas. |
| 700 | 1 |
_aJohnson, Richard, _eil. |
|
| 700 | 1 | _aBassett, Jennifer. | |
| 910 |
_agl _cjck _d20120514 |
||
| 942 |
_2ddc _cBOOK |
||
| 949 |
_a428.6461 PR4F _wDEWEY _c1 _i64653 _lCCODEBUL1 _mBUL _p5.00 _r0 _sY _tBOOK _u2015-7-6 _xEDUCACION _PP20 _o.STAFF. Colección General |
||
| 994 |
_aC0 _bPEPRU |
||
| 596 | _a1 | ||
| 999 |
_a428.6461 PR4F _wDEWEY _c53357 _i64653 _d53357 _e2016-4-11 _f2021-11-8 _g5 _lCCODEBUL1 _mBUL _n1 _p5.00 _r0 _sN _tBOOK _u2015-7-6 _xEDUCACION _PP20 _0COMPRA _o.STAFF. Colección General |
||
| 980 |
_81 _gALBERTO SANCHEZ Responsable de Automatización |
||